[Event "Lichtenberger Sommer 2016"]
[Site "?"]
[Date "2016.08.20"]
[Round "8.81"]
[White "Verbitsky, Jaroslaw"]
[Black "Engelhardt, Erhard"]
[Result "1/2-1/2"]
[WhiteElo "1551"]
[BlackElo "1754"]
[PlyCount "125"]
[EventDate "2016.??.??"]
[WhiteTeam "SV Mattnetz Berlin"]
[BlackTeam "SSV Rotation Berlin"]

1. e4 e6 2. d4 d5 3. exd5 exd5 4. Bd3 Bd6 5. Nf3 Bg4 6. h3 Bh5 7. O-O Nc6 8. c3
Nge7 9. Be3 Qd7 10. b4 Bg6 11. b5 Nd8 12. a4 O-O 13. Bxg6 Nxg6 14. Bc1 Re8 15.
Ba3 f6 16. Bxd6 Qxd6 17. Nbd2 Ne6 18. g3 Qd7 19. Kh2 Rab8 20. Re1 c6 21. bxc6
bxc6 22. Rb1 Ngf8 23. Qc2 Kh8 24. Rxb8 Rxb8 25. Rb1 Qc7 26. Rb3 Nd7 27. Qb2 c5
28. Rxb8+ Qxb8 29. Qxb8+ Nxb8 30. Nb3 c4 31. Na5 Kg8 32. g4 Nf4 33. Nd2 Kf7 34.
Nb7 Ke7 35. Nc5 Nd7 36. Nxd7 Kxd7 37. Nb1 Kc6 38. Kg3 Ne6 39. h4 g6 40. f4 Nf8
41. h5 Nd7 42. g5 f5 43. Na3 Nb6 44. hxg6 hxg6 45. a5 Nc8 46. Kf2 Nd6 47. Ke2
Ne4 48. Nb1 Kb5 49. Nd2 Nxc3+ 50. Ke3 Nd1+ 51. Ke2 c3 52. Nf3 c2 53. Kd2 Ne3
54. Ne5 Nc4+ 55. Kxc2 Ne3+ 56. Kd3 Ng2 57. Nxg6 Kxa5 58. Ke2 Kb5 59. Kf2 a5 60.
Kxg2 a4 61. Ne7 a3 62. g6 a2 63. g7 1/2-1/2

[Event "Lichtenberger Sommer 2016"]
[Site "?"]
[Date "2016.08.20"]
[Round "8.82"]
[White "Weber, Gerald"]
[Black "Koerber, Bernhard"]
[Result "1-0"]
[WhiteElo "1609"]
[BlackElo "1567"]
[PlyCount "65"]
[EventDate "2016.??.??"]
[WhiteTeam "SSV Rotation Berlin"]
[BlackTeam "Lasker Steglitz-Wilmersdorf"]

1. c4 e5 2. Nc3 Nf6 3. g3 Bb4 4. Bg2 Bxc3 5. bxc3 O-O 6. Nf3 d6 7. Qc2 Nc6 8.
d3 Bf5 9. Nh4 Bd7 10. Bb2 Re8 11. O-O Qc8 12. Rfe1 Rb8 13. e4 Bh3 14. f3 Bxg2
15. Nxg2 Re6 16. f4 Ng4 17. f5 Rh6 18. Qe2 Nxh2 19. Bc1 Rh3 20. Nh4 Qd8 21. Qg2
Rxh4 22. gxh4 Qxh4 23. Re3 Ng4 24. Qg3 Qxg3+ 25. Rxg3 Nf6 26. Bg5 Nd7 27. Kf2
Kf8 28. Rh1 f6 29. Be3 Kf7 30. Rxh7 Rg8 31. Bh6 Nf8 32. Rhxg7+ Rxg7 33. Rxg7+
1-0

[Event "Lichtenberger Sommer 2016"]
[Site "?"]
[Date "2016.08.20"]
[Round "8.83"]
[White "Raasch, Hauke"]
[Black "Bahr, Arne"]
[Result "1/2-1/2"]
[WhiteElo "1269"]
[BlackElo "1646"]
[PlyCount "87"]
[EventDate "2016.??.??"]
[WhiteTeam "SC Eintracht Berlin"]
[BlackTeam "SG Turm Kiel"]

1. d4 g6 2. Nf3 Bg7 3. e3 d6 4. Bd3 Nc6 5. c3 e5 6. Qe2 Nf6 7. Nbd2 O-O 8. O-O
Qe7 9. Ne1 exd4 10. exd4 Qxe2 11. Bxe2 Re8 12. Bb5 Bd7 13. Ndf3 a6 14. Bd3 Ne7
15. Bg5 Bc6 16. h3 Ne4 17. Bf4 Nd5 18. Bh2 Bh6 19. Rd1 Nf4 20. Bc2 Bd5 21. a3
Nf6 22. a4 Re2 23. Bxf4 Bxf4 24. Nh2 Rae8 25. a5 Ne4 26. Nhf3 Nd2 27. Bd3 Nxf3+
28. Nxf3 Rxb2 29. Nh2 Bxh2+ 30. Kxh2 Ra2 31. Ra1 Rd2 32. Rad1 Ra2 33. Ra1 Rd2
34. Rad1 Rxd1 35. Rxd1 Re7 36. c4 Bc6 37. Rb1 d5 38. c5 Kg7 39. Kg3 f5 40. Kf4
Kf6 41. h4 h6 42. Kf3 g5 43. hxg5+ hxg5 44. g3 1/2-1/2

[Event "Lichtenberger Sommer 2016"]
[Site "?"]
[Date "2016.08.20"]
[Round "8.84"]
[White "Paris, Gerhard"]
[Black "Völler, Lothar"]
[Result "0-1"]
[WhiteElo "1486"]
[BlackElo "1778"]
[PlyCount "94"]
[EventDate "2016.??.??"]
[WhiteTeam "TSG Oberschöneweide"]
[BlackTeam "FS Dortmund"]

1. e4 c5 2. Nc3 g6 3. g3 Bg7 4. Bg2 Nc6 5. d3 a6 6. Be3 b6 7. Qd2 Bb7 8. f4 d6
9. Nf3 Nf6 10. h3 b5 11. O-O b4 12. Nd1 O-O 13. f5 e5 14. fxg6 fxg6 15. Bh6 Qe7
16. Bxg7 Qxg7 17. c3 Nh5 18. Kh2 a5 19. c4 Bc8 20. Ne3 h6 21. Nd5 Be6 22. b3
Ra7 23. a3 Raf7 24. axb4 axb4 25. Ra6 Bxd5 26. exd5 Nd4 27. Nxd4 Rxf1 28. Bxf1
exd4 29. Bg2 Qe5 30. Qe1 Ng7 31. Ra2 Nf5 32. Re2 Ne3 33. Rf2 Nxd5 34. Rxf8+
Kxf8 35. Qf2+ Qf6 36. Qxf6+ Nxf6 37. g4 g5 38. Kg3 Nd7 39. Kf3 Ne5+ 40. Ke2 Ke7
41. Kd2 Kf6 42. Kc2 Ng6 43. Kd2 Ke5 44. Bh1 Kf4 45. Bg2 Kg3 46. Bf1 Kf2 47. Be2
Nf4 0-1

[Event "Lichtenberger Sommer 2016"]
[Site "?"]
[Date "2016.08.20"]
[Round "8.85"]
[White "Petersen, Sophie"]
[Black "Kasper, Peter"]
[Result "0-1"]
[WhiteElo "1014"]
[BlackElo "1778"]
[PlyCount "68"]
[EventDate "2016.??.??"]
[WhiteTeam "SV Rüdersdorf"]
[BlackTeam "SG Eckturm (Berlin)"]

1. e4 c6 2. d4 d5 3. Nc3 dxe4 4. Nxe4 Bf5 5. Ng3 Bg6 6. Nf3 Nd7 7. h4 h6 8. h5
Bh7 9. Bd3 Bxd3 10. Qxd3 e6 11. Be3 Ngf6 12. O-O-O Be7 13. Rhe1 Ng4 14. Qe2 Qa5
15. a3 Nxe3 16. fxe3 O-O 17. Rf1 b5 18. Ne5 Nxe5 19. dxe5 b4 20. Qg4 bxa3 21.
b3 Qc3 22. Qd4 Qc5 23. Qxc5 Bxc5 24. Rf3 Rad8 25. Rdf1 Rd5 26. Ne4 Be7 27. Rg3
Rxe5 28. Nf6+ Bxf6 29. Rxf6 Rxh5 30. Rf1 Rd5 31. Rh1 Rfd8 32. Rf3 Rd1+ 33. Rxd1
Rxd1+ 34. Kxd1 a2 0-1

[Event "Lichtenberger Sommer 2016"]
[Site "?"]
[Date "2016.08.20"]
[Round "8.86"]
[White "Mueller, Jörg René"]
[Black "Caglar, Erdal"]
[Result "1-0"]
[WhiteElo "1557"]
[BlackElo "1520"]
[PlyCount "103"]
[EventDate "2016.??.??"]
[WhiteTeam "SC Zugzwang 95 (Berlin)"]
[BlackTeam "SW Lichtenrade"]

1. e4 d6 2. c4 g6 3. f4 Bg7 4. Nf3 Nf6 5. Nc3 O-O 6. d4 c5 7. Be3 Ng4 8. Qd2
Nxe3 9. Qxe3 Qb6 10. Nb5 cxd4 11. Nfxd4 Nc6 12. Nc2 Qxe3+ 13. Nxe3 Bxb2 14. Rb1
Bg7 15. Be2 Nd4 16. Nc7 Rb8 17. Kf2 Nxe2 18. Kxe2 e6 19. Rhd1 Rd8 20. c5 Bf8
21. Nc4 d5 22. exd5 exd5 23. Rxd5 Bg4+ 24. Kf1 Rxd5 25. Nxd5 Be6 26. Nce3 Bxd5
27. Nxd5 Bxc5 28. Nf6+ Kg7 29. Nd7 Rd8 30. Nxc5 b6 31. Nb3 a6 32. Rc1 b5 33.
Rc6 a5 34. Nxa5 Rd1+ 35. Ke2 Ra1 36. Rc2 b4 37. Nb3 Rb1 38. Kd3 Rh1 39. g3 Kf6
40. Kc4 g5 41. fxg5+ Kxg5 42. Kxb4 Kg4 43. a4 f5 44. a5 Re1 45. a6 Re8 46. a7
Ra8 47. Ra2 h5 48. Kb5 h4 49. Nd4 h3 50. Kb6 f4 51. gxf4 Kxf4 52. Kb7 1-0

[Event "Lichtenberger Sommer 2016"]
[Site "?"]
[Date "2016.08.20"]
[Round "8.87"]
[White "Schmole-Rostosky, Joachim"]
[Black "Stiemerling, Andreas"]
[Result "1/2-1/2"]
[WhiteElo "1580"]
[BlackElo "1752"]
[PlyCount "46"]
[EventDate "2016.??.??"]
[WhiteTeam "SF SW Merzhausen"]
[BlackTeam "SSV Rotation Berlin"]

1. e4 e6 2. d3 c5 3. Nd2 Nc6 4. g3 g6 5. Bg2 Bg7 6. Ngf3 Nge7 7. O-O O-O 8. Re1
d6 9. c3 b5 10. Qc2 a5 11. Rb1 Rb8 12. Nf1 h6 13. Bf4 Bb7 14. Qc1 Kh7 15. Be3
f5 16. N3d2 Ne5 17. Qc2 Ng4 18. h3 Nxe3 19. Rxe3 Qb6 20. exf5 Bxg2 21. Kxg2
Qb7+ 22. Kh2 exf5 23. Rbe1 Rf7 1/2-1/2

[Event "Lichtenberger Sommer 2016"]
[Site "?"]
[Date "2016.08.20"]
[Round "8.88"]
[White "Goroll, Hans-Juergen"]
[Black "Maple, Shawn"]
[Result "0-1"]
[WhiteElo "1647"]
[BlackElo "1726"]
[PlyCount "54"]
[EventDate "2016.??.??"]
[WhiteTeam "Umweltbundesamt (FV Schach)"]
[BlackTeam "Königsjäger Süd-West"]

1. Nf3 d5 2. d4 Bf5 3. c4 c6 4. Nc3 Nf6 5. cxd5 cxd5 6. Bg5 e6 7. Bxf6 Qxf6 8.
Qb3 Qe7 9. e3 a6 10. Be2 Nc6 11. a3 Rc8 12. O-O Qd7 13. Qd1 b5 14. Nh4 Bg6 15.
Nxg6 hxg6 16. b4 Bd6 17. g3 e5 18. Nxd5 Qh3 19. Bh5 Rxh5 20. Qxh5 Qxh5 21. dxe5
Bxe5 22. Nf4 Bxf4 23. exf4 Nd4 24. Rfe1+ Kf8 25. Re3 Re8 26. Rxe8+ Kxe8 27.
Re1+ Kf8 0-1

[Event "Lichtenberger Sommer 2016"]
[Site "?"]
[Date "2016.08.20"]
[Round "8.89"]
[White "Kramer, Ralf"]
[Black "Spreer, Lutz"]
[Result "1-0"]
[WhiteElo "1559"]
[BlackElo "1651"]
[PlyCount "45"]
[EventDate "2016.??.??"]
[WhiteTeam "SK Zehlendorf"]
[BlackTeam "Burgstädter TSV"]

1. e4 d5 2. d4 dxe4 3. Bc4 Nf6 4. f3 Bf5 5. g4 Bg6 6. f4 h5 7. f5 Bh7 8. g5 Nd5
9. Qxh5 g6 10. fxg6 fxg6 11. Qe2 Nb6 12. Bb3 Qxd4 13. Nc3 Nc6 14. Be3 Qb4 15.
a3 Qa5 16. O-O-O e5 17. Nxe4 Bxa3 18. Nf6+ Ke7 19. bxa3 Qxa3+ 20. Kb1 a5 21.
Bxb6 a4 22. Rd7+ Kf8 23. Rf7# 1-0

[Event "Lichtenberger Sommer 2016"]
[Site "?"]
[Date "2016.08.20"]
[Round "8.90"]
[White "Baumgaertner, Andre"]
[Black "Gräbnitz, Marc-Florian"]
[Result "1/2-1/2"]
[WhiteElo "1724"]
[BlackElo "1320"]
[PlyCount "46"]
[EventDate "2016.??.??"]
[WhiteTeam "SC Friesen Lichtenberg"]
[BlackTeam "SC Eintracht Berlin"]

1. d4 d5 2. c4 e6 3. Nc3 Nf6 4. e3 c5 5. Nf3 Nc6 6. cxd5 Nxd5 7. Bb5 Bd7 8. O-O
cxd4 9. Nxd5 exd5 10. exd4 Be7 11. Re1 O-O 12. Bxc6 Bxc6 13. Ne5 Rc8 14. Bf4
Bd6 15. Rc1 Bxe5 16. Rxe5 Qf6 17. Qd2 h6 18. Rce1 Rfe8 19. h3 Rxe5 20. Rxe5 Re8
21. Rxe8+ Bxe8 22. Qe3 Bc6 23. Qd2 Qf5 1/2-1/2

[Event "Lichtenberger Sommer 2016"]
[Site "?"]
[Date "2016.08.20"]
[Round "8.91"]
[White "Fock, Amina"]
[Black "Fontaine, Constantin"]
[Result "1-0"]
[WhiteElo "1511"]
[BlackElo "1527"]
[PlyCount "101"]
[EventDate "2016.??.??"]
[WhiteTeam "SK International Berlin"]
[BlackTeam "SK Tempelhof 1931"]

1. e4 e5 2. Nf3 Nf6 3. Nxe5 d6 4. Nf3 Nxe4 5. d4 Bg4 6. Bd3 Nf6 7. Bg5 Be7 8.
O-O O-O 9. Nbd2 Nc6 10. c3 Nd5 11. Bxe7 Ndxe7 12. Bxh7+ Kh8 13. Bd3 Nd5 14. Qc2
Nf4 15. Bf5 Bh5 16. Qe4 g5 17. Rfe1 Re8 18. Qxe8+ Qxe8 19. Rxe8+ Rxe8 20. Re1
Rxe1+ 21. Nxe1 Ne7 22. Be4 d5 23. Bf3 g4 24. Bd1 f5 25. g3 Ne6 26. f3 Ng5 27.
Kg2 gxf3+ 28. Bxf3 Nxf3 29. Ndxf3 Ng6 30. Nd3 Kg7 31. Nc5 f4 32. Ne6+ Kf6 33.
Nxc7 fxg3 34. hxg3 Ne7 35. Ne5 Ng6 36. Nxg6 Bxg6 37. Kf3 Be4+ 38. Kf4 Bh1 39.
g4 Ke7 40. Ke5 Bf3 41. Nxd5+ Kf7 42. Nf4 Bxg4 43. Kd6 Bf3 44. d5 Kf6 45. Ne6 b6
46. Nc7 Be2 47. Kc6 Bf3 48. Kb7 Ke7 49. Kxa7 Kd6 50. Kxb6 Be2 51. a4 1-0

[Event "Lichtenberger Sommer 2016"]
[Site "?"]
[Date "2016.08.20"]
[Round "8.92"]
[White "Lippianowski, Stefan"]
[Black "Motsch, Sebastian"]
[Result "1/2-1/2"]
[WhiteElo "1150"]
[BlackElo "1036"]
[PlyCount "86"]
[EventDate "2016.??.??"]
[WhiteTeam "SV Mattnetz Berlin"]
[BlackTeam "Ludwigsfelder SC"]

1. e4 c6 2. d4 d5 3. exd5 cxd5 4. Nc3 e6 5. Bf4 Nc6 6. Nb5 Qa5+ 7. c3 Qd8 8.
Nc7+ Kd7 9. Nxa8 Ke8 10. Nc7+ Kd7 11. Nf3 a6 12. Qb3 Bd6 13. Ne5+ Nxe5 14. Nxa6
Nf3+ 15. gxf3 Bxf4 16. Nc5+ Ke7 17. Qb4 Kf6 18. Rg1 Ne7 19. Rg4 Bh6 20. f4 g6
21. O-O-O Kg7 22. Kb1 Re8 23. Na4 e5 24. Rg3 exf4 25. Rg1 Nf5 26. c4 Nh4 27.
Bg2 Nxg2 28. Rxg2 Re7 29. cxd5 Qxd5 30. Rgg1 Re4 31. Nc3 Qe6 32. Nxe4 Qxe4+ 33.
Ka1 f3 34. Qc3 Qd5 35. Qxc8 Qh5 36. Qxb7 Be3 37. d5 Bxf2 38. Rgf1 Qxh2 39. d6
Qg2 40. d7 Bh4 41. a3 Qe2 42. Qb4 Bf6 43. Rd2 Qxf1+ 1/2-1/2

[Event "Lichtenberger Sommer 2016"]
[Site "?"]
[Date "2016.08.20"]
[Round "8.93"]
[White "Klühs, Isabel"]
[Black "Möller, Dirk"]
[Result "0-1"]
[WhiteElo "1095"]
[BlackElo "1577"]
[PlyCount "76"]
[EventDate "2016.??.??"]
[WhiteTeam "Borussia Friedrichsfelde"]
[BlackTeam "SC Kreuzberg"]

1. Nf3 Nc6 2. d4 d5 3. c3 Nf6 4. e3 Bf5 5. Be2 e6 6. Nbd2 Bd6 7. O-O Ne4 8. a3
Ne7 9. c4 c6 10. c5 Bc7 11. Nh4 Bg6 12. Nxg6 hxg6 13. h3 Qd7 14. Nf3 f5 15. Ne5
Bxe5 16. dxe5 Nxc5 17. b4 Ne4 18. Bb2 O-O-O 19. Qd4 Kb8 20. a4 g5 21. b5 c5 22.
Qd1 c4 23. Bd4 Rh7 24. b6 a6 25. Bf3 Rdh8 26. g3 Rxh3 27. Bg2 R3h6 28. g4 Ng6
29. gxf5 exf5 30. f3 Ng3 31. Re1 Nh4 32. e6 Rxe6 33. Kf2 Nxg2 34. Kxg2 f4 35.
e4 Reh6 36. Bg1 Rh1 37. Qd4 R1h2+ 38. Bxh2 Qh3+ 0-1

[Event "Lichtenberger Sommer 2016"]
[Site "?"]
[Date "2016.08.20"]
[Round "8.94"]
[White "Lange, Malina"]
[Black "David, Daniel"]
[Result "0-1"]
[WhiteElo "795"]
[BlackElo "1445"]
[PlyCount "76"]
[EventDate "2016.??.??"]
[WhiteTeam "TuS Makkabi Berlin"]
[BlackTeam "SC Erkrath"]

1. e4 e5 2. Nf3 Nf6 3. Nxe5 d6 4. Nc4 Nxe4 5. Ne3 d5 6. c3 Be6 7. Bd3 Nc5 8.
Qe2 Nxd3+ 9. Qxd3 a6 10. O-O Bc5 11. b4 Bb6 12. Na3 d4 13. Nec4 Nc6 14. Re1 O-O
15. Qg3 Qf6 16. Nb2 Rfe8 17. Nd3 dxc3 18. dxc3 Qg6 19. Qxg6 hxg6 20. Re4 Bf5
21. Rxe8+ Rxe8 22. h3 Bxd3 23. Bf4 Re2 24. Bg3 f5 25. Bh4 g5 26. Bxg5 Rxf2 27.
Kh2 Be4 28. h4 Rxg2+ 29. Kh3 Ne5 30. h5 Rxg5 31. Rd1 Rxh5+ 32. Kg3 Rg5+ 33. Kf4
Nf7 34. Rd8+ Nxd8 35. Kxg5 Ne6+ 36. Kh4 g5+ 37. Kh5 Kh7 38. Nc4 Bf3# 0-1

[Event "Lichtenberger Sommer 2016"]
[Site "?"]
[Date "2016.08.20"]
[Round "8.95"]
[White "Kreuchauf, Olaf"]
[Black "Chung, Nicholas"]
[Result "1-0"]
[WhiteElo "1777"]
[BlackElo "1402"]
[PlyCount "97"]
[EventDate "2016.??.??"]
[WhiteTeam "SC Eintracht Berlin"]
[BlackTeam "TuS Makkabi Berlin"]

1. d4 d5 2. Nf3 Nc6 3. h3 Bf5 4. c3 e6 5. Bf4 Bd6 6. Bxd6 Qxd6 7. Na3 Nf6 8. e3
a6 9. b4 b5 10. Nb1 O-O 11. a4 Bxb1 12. Qxb1 Na7 13. Bd3 c6 14. h4 h6 15. Ne5
Nd7 16. f4 Nxe5 17. fxe5 Qe7 18. g4 Nc8 19. g5 h5 20. axb5 cxb5 21. Bxb5 Qb7
22. Bd3 Qc6 23. Qb2 Ne7 24. O-O g6 25. Ra5 Rfb8 26. Rc5 Qb6 27. Qf2 Rf8 28. Ra1
Rfc8 29. Rf1 Rf8 30. Qf6 Qd8 31. Ra1 Nf5 32. Qxd8 Rfxd8 33. Bxf5 gxf5 34. Rc6
Rdc8 35. Rc5 Rxc5 36. dxc5 Kf8 37. Kf1 Ke7 38. b5 a5 39. Ke2 Kd7 40. Kd3 Kc7
41. c4 dxc4+ 42. Kxc4 Kb7 43. Ra4 Kc7 44. Kb3 Kb7 45. Rd4 Kc7 46. Ka4 Kc8 47.
Rd6 Kc7 48. b6+ Kc8 49. Rc6+ 1-0

[Event "Lichtenberger Sommer 2016"]
[Site "?"]
[Date "2016.08.20"]
[Round "8.96"]
[White "Geist, Wolfgang"]
[Black "Wahner, Eberhard"]
[Result "1/2-1/2"]
[WhiteElo "1447"]
[BlackElo "1511"]
[PlyCount "49"]
[EventDate "2016.??.??"]
[WhiteTeam "SC Weisse Dame (Berlin)"]
[BlackTeam "SC Eintracht Berlin"]

1. Nf3 d5 2. d4 Nf6 3. e3 Bf5 4. c3 e6 5. Be2 Bd6 6. O-O O-O 7. Nbd2 Nbd7 8.
Nh4 Bg6 9. Nxg6 fxg6 10. Nf3 e5 11. dxe5 Nxe5 12. Nxe5 Bxe5 13. g3 c6 14. Qb3
Qc7 15. Bd2 Ne4 16. Be1 Kh8 17. Rd1 Qf7 18. f4 Bd6 19. c4 dxc4 20. Qxc4 Qxc4
21. Bxc4 Bc5 22. Bf2 Rfe8 23. Rfe1 Rad8 24. Rxd8 Rxd8 25. Re2 1/2-1/2

[Event "Lichtenberger Sommer 2016"]
[Site "?"]
[Date "2016.08.20"]
[Round "8.97"]
[White "Eichstädt, Torsten"]
[Black "Klühs, Gustaf"]
[Result "0-1"]
[WhiteElo "1346"]
[BlackElo "1407"]
[PlyCount "142"]
[EventDate "2016.??.??"]
[WhiteTeam "SC Friesen Lichtenberg"]
[BlackTeam "Borussia Friedrichsfelde"]

1. Nf3 e6 2. g3 Nf6 3. Bg2 d5 4. O-O Bd6 5. c4 O-O 6. d4 c5 7. Ne5 Nc6 8. f4
Nxd4 9. e3 Nc6 10. cxd5 Nxe5 11. fxe5 Bxe5 12. e4 Bd4+ 13. Kh1 exd5 14. Nc3
Bxc3 15. bxc3 Nxe4 16. c4 Nc3 17. Qd3 Ne4 18. cxd5 Nf6 19. Bg5 Kh8 20. Rxf6
gxf6 21. Bh6 Rg8 22. Be4 f5 23. Qc3+ f6 24. Rf1 Rg6 25. Be3 b6 26. Bf3 Bb7 27.
Bh5 Bxd5+ 28. Kg1 Be4 29. Bxg6 hxg6 30. h4 Qd6 31. Kh2 Kg7 32. Bg5 Qd4 33. Qxd4
cxd4 34. Bf4 Rc8 35. Rf2 Rc2 36. Kg1 Rxf2 37. Kxf2 a6 38. Ke2 Kf7 39. a4 b5 40.
axb5 axb5 41. Bd6 Ke6 42. Bc5 d3+ 43. Ke3 Kd5 44. Be7 Kc4 45. Bxf6 b4 46. Kd2
Kb3 47. Kc1 Ka2 48. Be5 b3 49. Bc3 Bf3 50. Bd4 d2+ 51. Kxd2 b2 52. Bxb2 Kxb2
53. Ke3 Bh5 54. Kd2 Kb3 55. Kd3 Bg4 56. Kd2 Kc4 57. Ke3 Bh5 58. Kf2 Kd3 59. Kf1
Ke3 60. Kg2 Ke2 61. g4 Bxg4 62. Kg3 Ke3 63. Kg2 f4 64. Kg1 f3 65. Kf1 f2 66.
Kg2 Ke2 67. Kg3 Bf5 68. h5 f1=Q 69. h6 Qf3+ 70. Kh2 Kf2 71. h7 Qg2# 0-1

[Event "Lichtenberger Sommer 2016"]
[Site "?"]
[Date "2016.08.20"]
[Round "8.98"]
[White "Hoffmann, Kay"]
[Black "Stark, Steven"]
[Result "0-1"]
[WhiteElo "984"]
[BlackElo "1475"]
[PlyCount "60"]
[EventDate "2016.??.??"]
[WhiteTeam "SC Eintracht Berlin"]
[BlackTeam "BSC Rehberge"]

1. e4 e5 2. Nf3 d6 3. Nc3 c6 4. d3 Be7 5. Be2 Nd7 6. Be3 Ndf6 7. Qd2 h6 8.
O-O-O b5 9. d4 Qa5 10. a3 a6 11. d5 Bb7 12. dxc6 Bxc6 13. Nd5 Qxd2+ 14. Rxd2
Bxd5 15. exd5 Nd7 16. g3 Ngf6 17. Rdd1 Ng4 18. h3 Nxe3 19. fxe3 Nf6 20. Rhg1 g5
21. g4 Nd7 22. e4 Nc5 23. Bd3 f6 24. Rg3 Kd7 25. b4 Na4 26. Rd2 Rac8 27. Be2
Rc7 28. Rd3 Rhc8 29. Kd2 Rxc2+ 30. Kd1 Nb2+ 0-1

[Event "Lichtenberger Sommer 2016"]
[Site "?"]
[Date "2016.08.20"]
[Round "8.99"]
[White "Toth, Hans-Jürgen"]
[Black "Caglar, Bertan"]
[Result "1-0"]
[WhiteElo "1623"]
[BlackElo "1152"]
[PlyCount "113"]
[EventDate "2016.??.??"]
[WhiteTeam "SF Zehdenick"]
[BlackTeam "SW Lichtenrade"]

1. f4 Nf6 2. Nf3 g6 3. e3 Bg7 4. Be2 O-O 5. O-O d6 6. d4 Nbd7 7. b3 c5 8. Bb2
Nd5 9. Qc1 cxd4 10. exd4 Re8 11. c4 Nc7 12. d5 e6 13. Bxg7 Kxg7 14. Qb2+ Kg8
15. Nc3 Qe7 16. Rae1 exd5 17. cxd5 Qe3+ 18. Kh1 Qxf4 19. g3 Qf6 20. Nd2 Qg7 21.
Qc1 b6 22. Nde4 Nxd5 23. Nxd5 Rxe4 24. Bf3 Rxe1 25. Qxe1 Bb7 26. Ne7+ Kf8 27.
Bxb7 Re8 28. Nxg6+ hxg6 29. Qf2 f5 30. Bd5 Re5 31. Bg2 Qe7 32. Rd1 Re2 33. Qf3
Rxa2 34. Qa8+ Kf7 35. Qd5+ Kg7 36. Qxd6 Qe2 37. Qxd7+ Kh6 38. Rg1 Qb2 39. Qd3
a5 40. Qe3+ Kg7 41. Qxb6 a4 42. Qa7+ Kh6 43. Qe3+ Kg7 44. bxa4 Rxa4 45. Qc1
Qxc1 46. Rxc1 Kf6 47. h4 g5 48. h5 Kg7 49. Rc6 f4 50. Rg6+ Kh7 51. Rxg5 Kh6 52.
Rd5 fxg3 53. Kg1 Rh4 54. Bf3 Rh2 55. Rd6+ Kh7 56. Rg6 Rf2 57. Rxg3 1-0

[Event "Lichtenberger Sommer 2016"]
[Site "?"]
[Date "2016.08.20"]
[Round "8.100"]
[White "Lieger, Lucas"]
[Black "Gläsmann, Christian"]
[Result "1/2-1/2"]
[WhiteElo "1239"]
[BlackElo "1518"]
[PlyCount "97"]
[EventDate "2016.??.??"]
[WhiteTeam "SC Eintracht Berlin"]
[BlackTeam "SC Erkrath"]

1. d4 d6 2. c4 g6 3. Nc3 Bg7 4. e4 Nf6 5. f3 O-O 6. Be3 Nbd7 7. Qd2 c5 8. d5
Ne5 9. O-O-O Ne8 10. g4 e6 11. h4 Nf6 12. Be2 exd5 13. cxd5 c4 14. Bh6 Nd3+ 15.
Bxd3 cxd3 16. Bxg7 Kxg7 17. Qxd3 Kg8 18. g5 Nh5 19. Nge2 f5 20. Rdf1 Bd7 21.
Rh2 a6 22. Nd4 Rc8 23. Rff2 b5 24. Kb1 f4 25. Nce2 Qc7 26. Qb3 Ng3 27. Nc3 Kh8
28. Rc2 Qc4 29. Nde2 Qxb3 30. axb3 Nf1 31. Rf2 Ne3 32. Rc1 b4 33. Na2 Rxc1+ 34.
Nexc1 a5 35. Ne2 Bb5 36. Nac1 Bxe2 37. Rxe2 Kg7 38. Rd2 h6 39. Re2 hxg5 40.
hxg5 Rh8 41. Re1 Rh3 42. Ne2 Rxf3 43. Nd4 Rf1 44. Rxf1 Nxf1 45. Ne6+ Kf7 46.
Nxf4 Nd2+ 47. Kc2 Nxe4 48. Nh3 Nc5 49. Nf4 1/2-1/2

[Event "Lichtenberger Sommer 2016"]
[Site "?"]
[Date "2016.08.20"]
[Round "8.101"]
[White "Gutewort, Paul Emil"]
[Black "Dittrich, Hans-Juergen"]
[Result "1-0"]
[WhiteElo "1578"]
[BlackElo "1345"]
[PlyCount "92"]
[EventDate "2016.??.??"]
[WhiteTeam "SF Nordost Berlin"]
[BlackTeam "vereinslos"]

1. e4 e5 2. Nf3 Nc6 3. Bb5 a6 4. Ba4 Nf6 5. Nc3 Bb4 6. O-O d6 7. Re1 O-O 8. h3
h6 9. a3 Bxc3 10. bxc3 Be6 11. Bb3 Qe7 12. d3 Na5 13. Bb2 c5 14. Bxe6 Qxe6 15.
Rb1 b5 16. Qd2 Nc6 17. Nh4 Ne7 18. Qe2 Kh7 19. Bc1 Nfg8 20. g4 Ng6 21. Nxg6
Qxg6 22. Kh2 Qe6 23. f4 g6 24. f5 Qf6 25. Kg3 g5 26. Rh1 Qe7 27. h4 f6 28. hxg5
fxg5 29. Qe3 Kg7 30. Bd2 Rf6 31. Rh3 Kf8 32. Qf2 Ke8 33. Be3 Rc8 34. Qd2 Qg7
35. Rh5 Kd7 36. Rbh1 Kc6 37. d4 exd4 38. cxd4 Kb6 39. Qc3 Qc7 40. Kf2 Qg7 41.
dxc5+ dxc5 42. Bd4 Qf8 43. Bxf6 Nxf6 44. Rxh6 Rc6 45. Kf3 Nd5 46. Rxc6+ Kxc6
1-0

[Event "Lichtenberger Sommer 2016"]
[Site "?"]
[Date "2016.08.21"]
[Round "9.1"]
[White "Dobrov, Vladimir"]
[Black "Melamed, Tatjana"]
[Result "1-0"]
[WhiteElo "2510"]
[BlackElo "2318"]
[PlyCount "91"]
[EventDate "2016.??.??"]
[WhiteTeam "Perovo Moscow"]
[BlackTeam "AE Magdeburg"]

1. d4 Nf6 2. c4 g6 3. Nc3 Bg7 4. Nf3 O-O 5. Bg5 c5 6. d5 d6 7. h3 e6 8. e4 h6
9. Be3 exd5 10. exd5 Re8 11. Bd3 Nbd7 12. O-O Ne5 13. Nxe5 Rxe5 14. Qd2 Kh7 15.
Bf4 Re8 16. Bh2 a6 17. Qf4 Qb6 18. Rab1 Re5 19. Qd2 Re8 20. b4 cxb4 21. Na4 Qd8
22. Qxb4 b5 23. cxb5 Nxd5 24. Qd2 Bd7 25. Bc4 axb5 26. Bxd5 Rxa4 27. Bxf7 Rf8
28. Bb3 Rd4 29. Qc1 Qf6 30. Rb2 Rc8 31. Rc2 Rxc2 32. Qxc2 Qg5 33. Bg3 h5 34. h4
Qc5 35. Qe2 Bf6 36. Re1 Kg7 37. Qf3 Bc6 38. Re7+ Bxe7 39. Qf7+ Kh6 40. Qxe7 Bd5
41. Qe3+ Kh7 42. Bxd6 Rd1+ 43. Bxd1 Qxd6 44. Qa7+ Kg8 45. Qd4 Qe6 46. Qxd5 1-0

[Event "Lichtenberger Sommer 2016"]
[Site "?"]
[Date "2016.08.21"]
[Round "9.2"]
[White "Förster, Jonas"]
[Black "Ahmadinia, Ebrahim"]
[Result "1/2-1/2"]
[WhiteElo "2289"]
[BlackElo "2357"]
[PlyCount "59"]
[EventDate "2016.??.??"]
[WhiteTeam "SV Empor Berlin"]
[BlackTeam "SF 1903 Berlin"]

1. d4 d5 2. c4 c6 3. Nf3 Nf6 4. Nc3 dxc4 5. a4 Bf5 6. e3 e6 7. Bxc4 Bb4 8. O-O
O-O 9. h3 h6 10. Qe2 Bh7 11. Rd1 Nbd7 12. Bd3 Bxd3 13. Rxd3 Qa5 14. e4 Rfd8 15.
Bf4 Qa6 16. Rd2 Qxe2 17. Rxe2 a5 18. Rd1 Nf8 19. Be5 N6d7 20. Bc7 Rdc8 21. Bg3
Nb6 22. Ra1 f6 23. Rc2 Nfd7 24. b3 Kf7 25. Rd1 Re8 26. Na2 Bf8 27. Ne1 Rac8 28.
Nd3 Red8 29. Rdc1 Ba3 30. Ra1 1/2-1/2

[Event "Lichtenberger Sommer 2016"]
[Site "?"]
[Date "2016.08.21"]
[Round "9.3"]
[White "Figura, Atila Gajo"]
[Black "Poetsch, Hagen"]
[Result "1/2-1/2"]
[WhiteElo "2374"]
[BlackElo "2501"]
[PlyCount "60"]
[EventDate "2016.??.??"]
[WhiteTeam "SC Kreuzberg"]
[BlackTeam "SF Schöneck"]

1. d4 Nf6 2. c4 b6 3. Nc3 Bb7 4. Qc2 d5 5. cxd5 Nxd5 6. Nf3 Nxc3 7. bxc3 g6 8.
e4 Bg7 9. h4 Nd7 10. Bd3 c5 11. Qe2 cxd4 12. cxd4 O-O 13. Bb2 Nc5 14. O-O Nxd3
15. Qxd3 Qd7 16. Ba3 Rfd8 17. Rad1 Rac8 18. Rfe1 Rc7 19. h5 Qg4 20. hxg6 hxg6
21. Rc1 Rxc1 22. Bxc1 e6 23. Qe3 Rc8 24. Bd2 Rc2 25. Qd3 Rc7 26. d5 Rd7 27. Qa3
exd5 28. exd5 Rxd5 29. Qxa7 Rxd2 30. Qxb7 Rxa2 1/2-1/2

[Event "Lichtenberger Sommer 2016"]
[Site "?"]
[Date "2016.08.21"]
[Round "9.4"]
[White "Morawietz, Dieter"]
[Black "Möller, Dustin"]
[Result "1-0"]
[WhiteElo "2424"]
[BlackElo "1985"]
[PlyCount "57"]
[EventDate "2016.??.??"]
[WhiteTeam "Klub Kölner SF"]
[BlackTeam "Eckernförder SC"]

1. e4 e6 2. d4 d5 3. e5 c5 4. c3 Nc6 5. Nf3 Bd7 6. Be2 f6 7. O-O fxe5 8. dxe5
Nge7 9. Bf4 Nf5 10. Bd3 g6 11. Bxf5 gxf5 12. Ng5 h5 13. c4 d4 14. Na3 Ne7 15.
Nf3 Ng6 16. Bg5 Be7 17. Bxe7 Qxe7 18. Nb5 Bxb5 19. cxb5 Rg8 20. b4 Nf4 21. g3
d3 22. Kh1 Nd5 23. bxc5 Qxc5 24. Qxd3 Rc8 25. Rad1 Rg4 26. Qd2 Qc3 27. Nd4 Ke7
28. Nxf5+ exf5 29. Qxd5 1-0